000 00556nam a22001817a 4500
005 20251108165243.0
008 250721s9999 xx 000 0 ara d
082 1 4 _a613.25/قرن
100 1 _aقرني، محمد علي
_eمؤلف
245 1 0 _aدليل الرشاقة /
264 1 _aالإسكندرية :
_bالمركز العربي للنشر و التوزيع،
_c[19-].
300 _a175ص.
650 1 7 _aاللياقة البدنية
650 1 7 _aالريجيم
650 1 7 _aالمظهر الشخصي
942 _2ddc
_cBK
999 _c23318
_d23318